Philosophy of physics, volume part a / (Record no. 29233)
[ view plain ]
| 000 -LEADER | |
|---|---|
| fixed length control field | 00844 a2200241 4500 |
| 020 ## - INTERNATIONAL STANDARD BOOK NUMBER | |
| International Standard Book Number | 0444530010 |
| 020 ## - INTERNATIONAL STANDARD BOOK NUMBER | |
| International Standard Book Number | 9780444530011 |
| 082 ## - DEWEY DECIMAL CLASSIFICATION NUMBER | |
| Classification number | 530.01 |
| 090 ## - LOCALLY ASSIGNED LC-TYPE CALL NUMBER (OCLC); LOCAL CALL NUMBER (RLIN) | |
| -- | 603 |
| -- | 603 |
| 100 ## - MAIN ENTRY--PERSONAL NAME | |
| Personal name | Butterfield, Jeremy. |
| 245 10 - TITLE STATEMENT | |
| Title | Philosophy of physics, volume part a / |
| Statement of responsibility, etc. | Jeremy Butterfield, John Earman, Dov M. Gabbay, John Woods, Paul Thagard. |
| 260 ## - PUBLICATION, DISTRIBUTION, ETC. | |
| Place of publication, distribution, etc. | [S.l.] : |
| Name of publisher, distributor, etc. | North Holland, |
| Date of publication, distribution, etc. | 2007 |
| 300 ## - PHYSICAL DESCRIPTION | |
| Extent | 966 p. ; |
| Dimensions | 25 cm. |
| 490 1# - SERIES STATEMENT | |
| Series statement | Handbook of the philosophy of science. |
| 700 1# - ADDED ENTRY--PERSONAL NAME | |
| Personal name | Butterfield, Jeremy. |
| 700 1# - ADDED ENTRY--PERSONAL NAME | |
| Personal name | Earman, John. |
| 700 1# - ADDED ENTRY--PERSONAL NAME | |
| Personal name | Gabbay, Dov M. |
| 700 1# - ADDED ENTRY--PERSONAL NAME | |
| Personal name | Woods, John. |
| 700 1# - ADDED ENTRY--PERSONAL NAME | |
| Personal name | Thagard, Paul. |
| 830 #0 - SERIES ADDED ENTRY--UNIFORM TITLE | |
| Uniform title | Handbook of the philosophy of science. |
| 942 ## - ADDED ENTRY ELEMENTS (KOHA) | |
| Institution code [OBSOLETE] | SNS |
| Koha item type | Book |
| Call number prefix | 530.01 BUT |
| Withdrawn status | Lost status | Damaged status | Not for loan | Permanent Location | Current Location | Date acquired | Total Checkouts | Full call number | Barcode | Date last seen | Price effective from | Koha item type |
|---|---|---|---|---|---|---|---|---|---|---|---|---|
| School of Natural Sciences (SNS) | School of Natural Sciences (SNS) | 05/26/2016 | 530.01 BUT | SNS0000755 | 05/26/2016 | 05/26/2016 | Book |
